000 00434nam a2200145Ia 4500
008 230411s9999 xx 000 0 und d
020 _a81-7225-205-6
041 _aeng
082 _aDI/616.9792/BAV/REW/B02176
100 _aBaveja Usha & Rewari B B
_9177252
245 _aDiagnosis and Management of HIV AIDS : Clinicians perspective
260 _bB I Publications
_aNew Delhi
_c2004
300 _a476p
999 _c153400
_d153400